क्षितिज के उस पार / (Record no. 114308)

MARC details
000 -LEADER
fixed length control field 01077nam a22002777a 4500
003 - CONTROL NUMBER IDENTIFIER
control field dpl
005 - DATE AND TIME OF LATEST TRANSACTION
control field 20181003141552.0
008 - FIXED-LENGTH DATA ELEMENTS--GENERAL INFORMATION
fixed length control field 180703b xxu||||| |||| 00| 0 eng d
010 ## - LIBRARY OF CONGRESS CONTROL NUMBER
LC control number B-013968
020 ## - INTERNATIONAL STANDARD BOOK NUMBER
Terms of availability 175.00
035 ## - SYSTEM CONTROL NUMBER
System control number B-013968, B-013975, B-236133
037 ## - SOURCE OF ACQUISITION
Source of stock number/acquisition Cen Lib/Ret
040 ## - CATALOGING SOURCE
Original cataloging agency DPL
Language of cataloging HN
Transcribing agency 0
082 ## - DEWEY DECIMAL CLASSIFICATION NUMBER
Classification number
Item number सिंहरी
100 ## - MAIN ENTRY--PERSONAL NAME
Personal name सिंह, रीटा
9 (RLIN) 56301
245 ## - TITLE STATEMENT
Title क्षितिज के उस पार /
Statement of responsibility, etc रीटा सिंह
246 ## - VARYING FORM OF TITLE
Title proper/short title Kshitij ke us paar /
Remainder of title by Rita Singh
260 ## - PUBLICATION, DISTRIBUTION, ETC. (IMPRINT)
Place of publication, distribution, etc नई दिल्ली
Name of publisher, distributor, etc मित्तल बुक एजेंसी
Date of publication, distribution, etc 2000
270 ## - ADDRESS
Address 5, गोला मार्किट, दरयागंज
City नई दिल्ली
Postal code 110002
300 ## - PHYSICAL DESCRIPTION
Extent 160पृ.
Dimensions 21सेमी (सजिल्द)
650 ## - SUBJECT ADDED ENTRY--TOPICAL TERM
Topical term or geographic name as entry element हिन्दी साहित्य
9 (RLIN) 56302
650 ## - SUBJECT ADDED ENTRY--TOPICAL TERM
Topical term or geographic name as entry element हिन्दी उपन्यास
9 (RLIN) 56303
650 ## - SUBJECT ADDED ENTRY--TOPICAL TERM
Topical term or geographic name as entry element Hindi - literature
9 (RLIN) 56304
650 ## - SUBJECT ADDED ENTRY--TOPICAL TERM
Topical term or geographic name as entry element Hindi novel
9 (RLIN) 56305
942 ## - ADDED ENTRY ELEMENTS (KOHA)
Source of classification or shelving scheme Dewey Decimal Classification
Koha item type Hindi Books
Classification part
Call number suffix सिंहरी
Holdings
Withdrawn status Lost status Damaged status Not for loan Home library Current library Date acquired Source of acquisition Cost, normal purchase price Total Checkouts Full call number Barcode Date last seen Copy number Cost, replacement price Price effective from Koha item type Source of classification or shelving scheme Collection code Date checked out
        Central Library Central Library 17/08/2015 Cen Lib/Ret 175.00   उ सिंहरी B-013968 17/08/2015 1 175.00 17/08/2015 Hindi Books      
        Shahdara Branch Shahdara Branch 03/07/2018 BPPD/PUB 175.00 1 उ सिंहरी B-013975 16/10/2019   175.00 03/07/2018 Hindi Books Dewey Decimal Classification Fiction 20/09/2019
        Shahdara Branch Shahdara Branch 03/10/2018 BPPD/PUB 150.00   उ सिंहरी B-236133 03/10/2018   150.00 03/10/2018 Hindi Books Dewey Decimal Classification Fiction  

© Delhi Public Library
Hit Counter
free hit counter